00345 a2200121 4500001000700000020000600007040001100013100003200024240007600056245007100132362000900203440001100212169158 a  cMagnum aGarcia, Regina Leite (Org.)10aA formacao da professora alfabetizadora: reflexoes sobre a praticalpor10aA formacao da professora alfabetizadora: reflexoes sobre a pratica0 a1899 1aCortez